Absolute idealism: Hegel

Saved in:
Bibliographic Details
Main Author: Stein, Sebastian (Author)
Format: Chapter/Article
Language:English
Published: 2019
In: A companion to nineteenth-century philosophy
Year: 2019, Pages: 83-116
Online Access: Get full text
Author Notes:Sebastian Stein

MARC

LEADER 00000caa a22000002c 4500
001 1754736742
003 DE-627
005 20220819163921.0
007 tu
008 210414s2019 xx ||||| 00| ||eng c
035 |a (DE-627)1754736742 
035 |a (DE-599)KXP1754736742 
035 |a (OCoLC)1341404502 
040 |a DE-627  |b ger  |c DE-627  |e rda 
041 |a eng 
084 |a 10  |2 sdnb 
100 1 |a Stein, Sebastian  |d 1980-  |e VerfasserIn  |0 (DE-588)1136050833  |0 (DE-627)891105921  |0 (DE-576)490287492  |4 aut 
245 1 0 |a Absolute idealism  |b Hegel  |c Sebastian Stein 
264 1 |c 2019 
300 |a 34 
336 |a Text  |b txt  |2 rdacontent 
337 |a ohne Hilfsmittel zu benutzen  |b n  |2 rdamedia 
338 |a Band  |b nc  |2 rdacarrier 
773 0 8 |i Enthalten in  |t A companion to nineteenth-century philosophy  |d Hoboken (New Jersey) : Wiley Blackwell, 2019  |g (2019), Seite 83-116  |h xv, 509 Seiten  |w (DE-627)166430410X  |z 9781119210023  |7 nnam  |a Absolute idealism Hegel 
773 1 8 |g year:2019  |g pages:83-116  |g extent:34  |a Absolute idealism Hegel 
776 0 8 |i Erscheint auch als  |n Online-Ausgabe  |a Stein, Sebastian, 1980 -   |t Absolute idealism  |d 2019  |w (DE-627)1754736378 
951 |a AR 
992 |a 20210414 
993 |a BookComponentPart 
998 |g 1136050833  |a Stein, Sebastian  |m 1136050833:Stein, Sebastian  |d 70000  |d 70100  |e 70000PS1136050833  |e 70100PS1136050833  |k 0/70000/  |k 1/70000/70100/  |p 1  |x j  |y j 
999 |a KXP-PPN1754736742  |e 3909115322 
BIB |a Y 
JSO |a {"name":{"displayForm":["Sebastian Stein"]},"type":{"bibl":"chapter"},"physDesc":[{"extent":"34 S."}],"person":[{"given":"Sebastian","family":"Stein","display":"Stein, Sebastian","role":"aut"}],"id":{"eki":["1754736742"]},"language":["eng"],"recId":"1754736742","title":[{"title":"Absolute idealism","subtitle":"Hegel","title_sort":"Absolute idealism"}],"relHost":[{"name":{"displayForm":["edited by John Shand"]},"type":{"bibl":"edited-book"},"person":[{"role":"edt","given":"John","family":"Shand","display":"Shand, John"}],"disp":"Absolute idealism HegelA companion to nineteenth-century philosophy","id":{"isbn":["9781119210023"],"eki":["166430410X"]},"part":{"pages":"83-116","text":"(2019), Seite 83-116","year":"2019","extent":"34"},"language":["eng"],"relMultPart":[{"dispAlt":"Blackwell companions to philosophy","physDesc":[{"noteFormat":"26 cm"}],"title":[{"title":"Blackwell companions to philosophy","title_sort":"Blackwell companions to philosophy"}],"recId":"364830948","disp":"Blackwell companions to philosophy","titleAlt":[{"title":"Blackwell companions to philosophers"},{"title":"Companions to philosophy"}],"type":{"bibl":"serial"},"id":{"zdb":["2112388-3"],"eki":["364830948"]},"part":{"number_sort":["70"],"number":["70"]},"language":["eng"],"pubHistory":["Nachgewiesen 1996 -"],"origin":[{"publisherPlace":"Malden, Mass. ; Oxford ; Chichester, West Sussex ; Malden, Mass. ; Oxford ; Carlton, Vic.","dateIssuedDisp":"1996-","publisher":"Wiley-Blackwell ; Blackwell","dateIssuedKey":"1996"}]}],"note":["Includes index"],"origin":[{"publisherPlace":"Hoboken (New Jersey)","dateIssuedDisp":"2019","publisher":"Wiley Blackwell","dateIssuedKey":"2019"}],"physDesc":[{"noteIll":"Illustration","extent":"xv, 509 Seiten"}],"recId":"166430410X","title":[{"title":"A companion to nineteenth-century philosophy","title_sort":"companion to nineteenth-century philosophy"}]}],"origin":[{"dateIssuedKey":"2019","dateIssuedDisp":"2019"}]} 
SRT |a STEINSEBASABSOLUTEID2019